00427nam a2200085Ia 4500008004100000245002100041300021800062650000900280856005200289170517s9999 xx 000 0 und d aAtari: Game Over aHow do you go from the fastest growing company in the history of the United States to a debt-infested and dissolved empire in less than a decade? With the release of Pong in the late 1970's, Atari established a... xArt. uhttp://topdocumentaryfilms.com/atari-game-over/